Central Library OPAC University of Rajshahi

The early Buddhist theory of man perfected: (Record no. 23270)

MARC details
000 -LEADER
fixed length control field 00853nam a2200253 a 4500
001 - CONTROL NUMBER
control field 23270
003 - CONTROL NUMBER IDENTIFIER
rucl marc code BD-RjUL
005 - DATE AND TIME OF LATEST TRANSACTION
control field 20211209000918.0
008 - FIXED-LENGTH DATA ELEMENTS--GENERAL INFORMATION
fixed length control field 180930s1936 enk 000 0 eng
035 ## - SYSTEM CONTROL NUMBER
System control number (BD-RjUL)23335
040 ## - CATALOGING SOURCE
Original cataloging agency DLC
Transcribing agency DAU
Modifying agency OCoLC
-- DLC
-- BD-RjUL
Language of cataloging eng
041 ## - LANGUAGE CODE
Language code of text/sound track or separate title eng
082 ## - DEWEY DECIMAL CLASSIFICATION NUMBER
Classification number 294.3
Edition number 23
Author mark and year HOE 1936
100 1# - MAIN ENTRY--PERSONAL NAME
Personal name Horner, I. B.
Fuller form of name (Isaline Blew),
Dates associated with a name 1896-1981.
9 (RLIN) 223062
245 14 - TITLE STATEMENT
Title The early Buddhist theory of man perfected:
Remainder of title a study of the Arahan /
Statement of responsibility, etc. by I. B. Horner
260 ## - PUBLICATION, DISTRIBUTION, ETC. (IMPRINT)
Place of publication, distribution, etc. London :
Name of publisher, distributor, etc. Williams & Norgate ltd. ,
Date of publication, distribution, etc. 1936
300 ## - PHYSICAL DESCRIPTION
Pagination 328 p.
Size 22 cm.
500 ## - GENERAL NOTE
General note "Table of Pali literature": p. 15-19.
504 ## - BIBLIOGRAPHY, ETC. NOTE
Bibliography, etc Includes bibliographical references and index
650 #0 - SUBJECT ADDED ENTRY--TOPICAL TERM
Topical term or geographic name as entry element Perfection
General subdivision Religious aspects
-- Buddhism.
9 (RLIN) 223063
Topical term or geographic name as entry element Buddha and Buddhism.
9 (RLIN) 223064
942 ## - ADDED ENTRY ELEMENTS (KOHA)
Source of classification or shelving scheme Dewey Decimal Classification
Koha item type Rare Books
Holdings
Lost status Source of classification or shelving scheme Damaged status Not for loan Collection code Permanent Location Current Location Shelving location Date acquired Source of acquisition Cost, normal purchase price Total Checkouts Full call number Date last seen Copy number Koha item type
  Dewey Decimal Classification   Not For Loan Rare Books Central Library, University of Rajshahi Central Library, University of Rajshahi Rare Book Section 17/09/1964 Zeitlinger 78.00   RA 294.3 HOE 1936 30/09/2018 C-1 Rare Books